| 000 | 07041namaa22004331n 4500 | ||
|---|---|---|---|
| 003 | EG-GICUC | ||
| 005 | 20260426204516.0 | ||
| 008 | 260426s2025 ua a|||frm||| 000 0 eng d | ||
| 040 |
_aEG-GICUC _beng _cEG-GICUC _dEG-GICUC _erda |
||
| 041 | 0 |
_aeng _beng _bara |
|
| 049 | _aDeposit | ||
| 082 | 0 | 4 | _a610.28 |
| 092 |
_a610.28 _221 |
||
| 097 | _aM.Sc | ||
| 099 | _aCai01.24.03.M.Sc.2025.Hu.R | ||
| 100 | 0 |
_aHuda Nabil Ahmed Mohamed, _epreparation. |
|
| 245 | 1 | 0 |
_aRole of diode laser (810 nm) and/or Fluoride varnish for dentin protection before and after gamma irradiation : _bIn vitro study / _cby Huda Nabil Ahmed Mohamed ; Supervisors Prof. Dr. Ahmed Abbas Zaky, Dr. Mostafa AbdAllah Mohamed AbdElHamed. |
| 246 | 1 | 5 |
_aدور دايود ليزر (٨۱۰ نانومتر) و/ أو ورنيش الفلورايد لحماية العاج قبل وبعد إشعاع جاما : _bدراسةفي المختبر |
| 264 | 0 | _c2025. | |
| 300 |
_a99 pages : _billustrations ; _c25 cm. + _eCD. |
||
| 336 |
_atext _2rda content |
||
| 337 |
_aUnmediated _2rdamedia |
||
| 338 |
_avolume _2rdacarrier |
||
| 502 | _aThesis (M.Sc)-Cairo University, 2025. | ||
| 504 | _aBibliography: pages 71-99. | ||
| 520 | 3 | _aBackground:Radiotherapy is the appropriate treatment for tumours and may be used alone or combined with surgery and chemotherapy. Dentin hypersensitivity is a frequently occurring dental complaint that is troubleshooting for many people. Its management can be achieved using different agents such as fluoride and laser. This study aimed to investigate the in vitro effect of 810 nm diode laser and/or fluoride varnish in preventing and treating dentin hypersensitivity in gamma-irradiated dentin. Methods: Seventy dentin specimens were assigned into seven groups (n=10), G; gamma-irradiation only, GF; gamma-irradiation then fluoride, FG; fluoride then gamma-irradiation, GL; gamma then laser irradiation, LG; laser then gamma-irradiation, GFL; gamma-irradiation followed by fluoride then laser, FLG; fluoride then laser followed by gamma-irradiation. Specimens were qualitatively assessed before and after citric acid challenge using environmental scanning electron microscope (ESEM). Image analysis for ESEM photomicrographs was performed to quantitatively evaluate the percentage of open dentinal tubules (DTs). Results: The percentage of open DTs of group G before citric acid challenge showed the highest value that insignificantly increased after acid challenge but still had the highest value. The percentage of open DTs of GF, FG, GL and LG groups significantly increased after citric acid challenge. The percentage of open DTs of groups GFL and FLG insignificantly increased after citric acid challenge. Groups can be arranged according to the percentage of open DTs descendingly before citric acid challenge: G > FLG > LG > GL > GFL > FG > GF and after citric acid challenge: G > GF > GL> FG > LG > FLG > GFL. Conclusions: Fluoride and laser unaccompanied either applied after or before gamma-irradiation, could minimize the percentage of open DTs of dentin. Either before or after citric acid challenge, laser accompanied with fluoride could counteract the drastic effect of gamma radiation on the percentage of DTs of dentin if performed after gamma irradiation. | |
| 520 | 3 | _aالخلفية: العلاج الإشعاعي هو العلاج المناسب للأورام ويمكن استخدامه بمفرده أو مع الجراحة والعلاج الكيميائي. فرط حساسية العاج هي شكوى أسنان تحدث بشكل متكرر وتشكل مشكلة للعديد من الأشخاص. يمكن تحقيق إدارتها باستخدام عوامل مختلفة مثل الفلورايد والليزر. هدفت هذه الدراسة إلى التحقيق في التأثير المختبري لليزر الثنائي 810 نانومتر و / أو طلاء الفلورايد في الوقاية من فرط حساسية العاج وعلاجه في العاج المشع بأشعة جاما. الطريقة: تم توزيع سبعين عينة من العاج على سبع مجموعات (ن = 10)، G؛ أشعة جاما فقط، GF؛ أشعة جاما ثم الفلورايد، FG؛ الفلورايد ثم أشعة جاما، GL؛ جاما ثم أشعة الليزر، LG؛ الليزر ثم أشعة جاما، GFL؛ أشعة جاما تليها الفلورايد ثم الليزر، FLG؛ الفلورايد ثم الليزر تليها أشعة جاما. تم تقييم العينات نوعيًا قبل وبعد اختبار حمض الستريك باستخدام المجهر الإلكتروني الماسح البيئي (ESEM). وأُجري تحليل صور المجهر الإلكتروني الماسح البيئي (ESEM) لتقييم نسبة الأنابيب العاجية المفتوحة كميًا. النتائج: أظهرت نسبة درجات الحرارة المفتوحة للمجموعة G قبل التعرض لحمض الستريك أعلى قيمة، ثم ازدادت بشكل طفيف بعد التعرض، لكنها ظلت الأعلى. كما ازدادت نسبة درجات الحرارة المفتوحة للمجموعات GF وFG وGL وLبشكل ملحوظ بعد التعرض لحمض الستريك. أما نسبة درجات الحرارة المفتوحة للمجموعتين GFL وFLG فقد ازدادت بشكل طفيف بعد التعرض لحمض الستريك. يمكن ترتيب المجموعات تنازليًا حسب نسبة درجات الحرارة المفتوحة قبل التعرض لحمض الستريك: G>FLG>LG>GL>GFL>FG>GF، وبعد التعرض لحمض الستريك: G>GF>GL>FG>LG>FLG>GFL. الاستنتاجات: يُمكن للفلورايد والليزر، سواءً بعد أو قبل التعرض لأشعة جاما، أن يُقلل من نسبة تلف العاج المفتوح. أما الليزر المصحوب بالفلورايد، سواءً قبل أو بعد التعرض لحمض الستريك، فيمكنه أن يُعاكس التأثير الحاد لأشعة جاما على نسبة تلف العاج إذا أُجري بعد التعرض لأشعة جاما. | |
| 530 | _aIssues also as CD. | ||
| 546 | _aText in English and abstract in Arabic & English. | ||
| 650 | 0 | _aLasers in dentistry | |
| 650 | 0 | _aالليزر في طب الفم والأسنان | |
| 653 | 0 |
_aDiode laser _aFluoride varnish _aGamma radiation _aDentin hypersensitivity _aEnvironmental scanning electron microscope _aليزر الثنائي _aورنيش الفلورايد |
|
| 700 | 0 |
_aAhmed Abbas Zaky _ethesis advisor. |
|
| 700 | 0 |
_aMostafa AbdAllah Mohamed AbdElHamed _ethesis advisor. |
|
| 900 |
_b01-01-2025 _cAhmed Abbas Zaky _cMostafa AbdAllah Mohamed AbdElHamed _UCairo University _FNational Institute of Laser Enhanced Sciences (NILES) _DDepartment of Medical Applications of Laser |
||
| 905 | _aShimaa | ||
| 942 |
_2ddc _cTH _e21 _n0 |
||
| 999 | _c179748 | ||